Bible by Letter - A - Statistics

General Stats
  • This quiz has been taken 124 times
  • The average score is 10 of 15
Answer Stats
Hint Answer % Correct
Brother of Cain Abel
100%
What Noah built Ark
99%
First human Adam
97%
What Michael and Gabriel were Angels
94%
God told Noah to bring two of every _____ into the (one of the previous answers) Animal
93%
The angels told the people visiting Jesus' tomb: Do not be _____, for He is not here, He has risen Afraid
83%
New Testament book Acts
72%
Mountain that Noah's (previous answer) landed on Ararat
71%
Biblical person that God showed the stars and sand in a promise Abraham
66%
A sacred Israelite box that held the Ten Commandments Ark of Covenant
63%
Old Testament book Amos
45%
City of which Paul started and ended his missionary journeys Antioch
38%
(Evil) son of David who tried to kill David Absalom
33%
What type of jar of perfume did the woman pour unto Jesus' head? Alabaster
27%
Tentmaker, husband of Priscilla Aquilla
22%
No matching quizzes found
Score Distribution
Percent of People with Each Score
Percentile by Number Answered
Your Score History
You have not taken this quiz